000
002440000a22000970004500
100
1
_a
Safren, Jonathan D.
245
1
0
_a
Baalam and Abraham
300
_a
Vol. 38, Num. 1 (Enero, 1988), Páginas 105-113
773
0
_t
Vetus Testamentum
942
_c
ANA
999
_c
57381
_d
57381